00665cam a22002171 450000100060000000300080000600500170001400800390003103500190007003500180008904000320010704100080013908200200014710000310016724500850019826000540028330000360033750400190037365000130039270000420040521913BD-RjUL20211209000738.0140305s1942 gau 001 0 eng a(BD-RjUL)21978 a(OCoLC)924212 aDLCcOCanWdOCoLCdDLCbeng aeng a814.3bTIE 19421 aTimrod, Henry,d1828-1867.14aThe essays of Henry Timrod /cedited with an introduction by Edd Winfield Parks. aAthens :bThe University of Georgia Press,c1942. avi p., 2 l., 3-184 p. ;c23 cm. aIncludes index 0aPoetics.1 aParks, Edd Winfield,d1906-1968,eed.